[Event "EYCC 2024 - O14"]
[Site "?"]
[Date "2024.08.30"]
[Round "8.9"]
[White "Durucay, Uygar"]
[Black "Kviriashvili, Andria"]
[Result "1-0"]
[BlackElo "1918"]
[WhiteElo "2234"]
[LiveChessVersion "1.4.8"]

1. d4 {[%clk 1:30:37]} Nf6 {[%clk 1:30:52]} 2. Nf3 {[%clk 1:30:45]} g6
{[%clk 1:31:10]} 3. Bg5 {[%clk 1:31:04]} Bg7 {[%clk 1:31:28]} 4. Nbd2
{[%clk 1:31:27]} O-O {[%clk 1:31:49]} 5. e3 {[%clk 1:31:24]} d5 {[%clk 1:32:00]}
6. c3 {[%clk 1:30:57]} Nbd7 {[%clk 1:32:20]} 7. Be2 {[%clk 1:31:16]} Re8
{[%clk 1:32:42]} 8. Bf4 {[%clk 1:21:43]} c6 {[%clk 1:25:24]} 9. h3
{[%clk 1:21:41]} Qb6 {[%clk 1:21:35]} 10. Qc2 {[%clk 1:16:54]} Nf8
{[%clk 1:18:05]} 11. O-O {[%clk 1:11:22]} Bf5 {[%clk 1:16:18]} 12. Qb3
{[%clk 1:10:41]} h6 {[%clk 1:09:16]} 13. g4 {[%clk 1:07:34]} Bc8 {[%clk 1:07:54]}
14. Qc2 {[%clk 1:04:45]} Nxg4 {[%clk 0:40:12]} 15. hxg4 {[%clk 1:03:00]} Bxg4
{[%clk 0:40:41]} 16. Rfe1 {[%clk 0:51:32]} Qd8 {[%clk 0:32:55]} 17. c4
{[%clk 0:46:11]} Qd7 {[%clk 0:30:11]} 18. Bg3 {[%clk 0:33:33]} h5
{[%clk 0:27:52]} 19. cxd5 {[%clk 0:32:26]} cxd5 {[%clk 0:24:08]} 20. Qb3
{[%clk 0:28:42]} g5 {[%clk 0:18:26]} 21. Bb5 {[%clk 0:26:45]} Qf5
{[%clk 0:18:37]} 22. Bd3 {[%clk 0:24:27]} Qf6 {[%clk 0:14:01]} 23. Qxd5
{[%clk 0:23:58]} Ne6 {[%clk 0:13:20]} 24. Ne5 {[%clk 0:23:33]} Bh3
{[%clk 0:12:29]} 25. Qe4 {[%clk 0:21:24]} Qh6 {[%clk 0:12:03]} 26. Kh2
{[%clk 0:19:06]} f5 {[%clk 0:11:33]} 27. Qh1 {[%clk 0:17:41]} f4 {[%clk 0:06:28]}
28. Kxh3 {[%clk 0:17:10]} g4+ {[%clk 0:06:54]} 29. Kh2 {[%clk 0:16:37]} fxg3+
{[%clk 0:07:09]} 30. Kxg3 {[%clk 0:15:52]} Bxe5+ {[%clk 0:05:49]} 31. dxe5
{[%clk 0:16:21]} Rad8 {[%clk 0:06:11]} 32. Qe4 {[%clk 0:16:33]} Rxd3
{[%clk 0:06:00]} 33. Qxd3 {[%clk 0:16:50]} Rd8 {[%clk 0:06:28]} 34. Qe2
{[%clk 0:14:54]} Ng5 {[%clk 0:06:37]} 35. Kg2 {[%clk 0:14:43]} Qc6+
{[%clk 0:07:02]} 36. e4 {[%clk 0:15:07]} Nh3 {[%clk 0:07:14]} 37. Qc4+
{[%clk 0:15:33]} 1-0

[Event "EYCC 2024 - O14"]
[Site "?"]
[Date "2024.08.30"]
[Round "8.10"]
[White "Gubin, Dmitrii"]
[Black "Gkavardinas, Antonios"]
[Result "0-1"]
[BlackElo "2222"]
[WhiteElo "2084"]
[LiveChessVersion "1.4.8"]

1. c4 {[%clk 1:30:55]} e6 {[%clk 1:30:52]} 2. Nf3 {[%clk 1:31:18]} d5
{[%clk 1:31:10]} 3. e3 {[%clk 1:31:42]} Nf6 {[%clk 1:31:14]} 4. b3
{[%clk 1:32:03]} Be7 {[%clk 1:31:17]} 5. Bb2 {[%clk 1:32:25]} O-O
{[%clk 1:31:24]} 6. Nc3 {[%clk 1:32:36]} c5 {[%clk 1:30:14]} 7. cxd5
{[%clk 1:32:59]} exd5 {[%clk 1:30:05]} 8. d4 {[%clk 1:33:24]} Nc6
{[%clk 1:30:12]} 9. Be2 {[%clk 1:33:47]} Ne4 {[%clk 1:28:22]} 10. dxc5
{[%clk 1:33:50]} Bf6 {[%clk 1:22:51]} 11. Nd4 {[%clk 1:31:12]} Nxc5
{[%clk 1:22:26]} 12. Nxc6 {[%clk 1:28:25]} bxc6 {[%clk 1:22:47]} 13. O-O
{[%clk 1:28:34]} Qa5 {[%clk 1:16:56]} 14. Qc2 {[%clk 1:24:49]} Be6
{[%clk 1:07:25]} 15. Rac1 {[%clk 1:17:08]} Rac8 {[%clk 1:06:57]} 16. Rfd1
{[%clk 0:55:42]} Rfd8 {[%clk 1:05:05]} 17. Bf3 {[%clk 0:52:20]} Nd7
{[%clk 0:57:33]} 18. Na4 {[%clk 0:40:27]} Ne5 {[%clk 0:56:01]} 19. Bc3
{[%clk 0:29:53]} Qc7 {[%clk 0:53:01]} 20. Nc5 {[%clk 0:29:06]} Qe7
{[%clk 0:48:17]} 21. Bd4 {[%clk 0:25:28]} Nxf3+ {[%clk 0:45:35]} 22. gxf3
{[%clk 0:25:57]} Bh3 {[%clk 0:44:22]} 23. Kh1 {[%clk 0:24:06]} Rd6
{[%clk 0:42:32]} 24. Qc3 {[%clk 0:14:20]} Bxd4 {[%clk 0:39:03]} 25. Qxd4
{[%clk 0:14:45]} Rf6 {[%clk 0:37:18]} 26. Rg1 {[%clk 0:11:57]} Bf5
{[%clk 0:35:31]} 27. Rg3 {[%clk 0:09:46]} Bg6 {[%clk 0:34:59]} 28. Nd3
{[%clk 0:07:48]} Qa3 {[%clk 0:29:47]} 29. Rcg1 {[%clk 0:05:13]} Qxa2
{[%clk 0:24:51]} 30. Nf4 {[%clk 0:04:13]} Qxf2 {[%clk 0:17:34]} 31. Nh5
{[%clk 0:03:37]} Bxh5 {[%clk 0:16:12]} 32. Qxf6 {[%clk 0:03:46]} Bg6
{[%clk 0:16:10]} 33. Qf4 {[%clk 0:03:45]} Re8 {[%clk 0:15:31]} 34. Qd6
{[%clk 0:00:41]} Qxe3 {[%clk 0:14:12]} 35. Qxc6 {[%clk 0:00:42]} d4
{[%clk 0:13:45]} 36. h4 {[%clk 0:00:54]} h5 {[%clk 0:13:35]} 37. Qd5
{[%clk 0:00:42]} Re5 {[%clk 0:10:02]} 38. Qd6 {[%clk 0:00:37]} Qf4
{[%clk 0:09:37]} 39. Qd8+ {[%clk 0:00:41]} Kh7 {[%clk 0:09:56]} 40. R1g2
{[%clk 0:00:42]} Re1+ {[%clk 0:09:42]} 41. Kh2 {[%clk 0:00:45]} Re3
{[%clk 0:08:52]} 42. Rf2 {[%clk 0:00:36]} Rxb3 {[%clk 0:08:47]} 43. Kg2
{[%clk 0:00:44]} d3 {[%clk 0:07:20]} 44. Qd5 {[%clk 0:01:04]} Rb6
{[%clk 0:07:22]} 45. Qg5 {[%clk 0:00:50]} Qd4 {[%clk 0:07:09]} 46. Rd2
{[%clk 0:00:32]} Re6 {[%clk 0:06:48]} 47. f4 {[%clk 0:00:33]} Re2+
{[%clk 0:06:06]} 48. Rxe2 {[%clk 0:00:37]} dxe2 {[%clk 0:06:29]} 49. f5
{[%clk 0:01:04]} Qe4+ {[%clk 0:06:42]} 50. Kh2 {[%clk 0:01:26]} e1=Q
{[%clk 0:06:49]} 51. fxg6+ {[%clk 0:01:42]} fxg6 {[%clk 0:07:01]} 0-1

[Event "EYCC 2024 - O14"]
[Site "?"]
[Date "2024.08.30"]
[Round "8.11"]
[White "Boci, Mateo"]
[Black "Marin Ferragut, Pau"]
[Result "1/2-1/2"]
[BlackElo "2338"]
[WhiteElo "2052"]
[LiveChessVersion "1.4.8"]

1. e4 {[%clk 1:30:53]} c5 {[%clk 1:30:46]} 2. Nf3 {[%clk 1:30:50]} d6
{[%clk 1:30:48]} 3. d4 {[%clk 1:30:50]} Nf6 {[%clk 1:30:45]} 4. dxc5
{[%clk 1:31:05]} Nxe4 {[%clk 1:30:50]} 5. cxd6 {[%clk 1:31:21]} Nc6
{[%clk 1:30:38]} 6. dxe7 {[%clk 1:31:21]} Qxd1+ {[%clk 1:30:38]} 7. Kxd1
{[%clk 1:31:43]} Bxe7 {[%clk 1:30:56]} 8. Be3 {[%clk 1:31:55]} O-O
{[%clk 1:30:18]} 9. Nbd2 {[%clk 1:29:42]} Rd8 {[%clk 1:30:24]} 10. Bc4
{[%clk 1:26:19]} Bf5 {[%clk 1:28:10]} 11. Ke2 {[%clk 1:08:26]} Nxd2
{[%clk 1:26:28]} 12. Bxd2 {[%clk 1:08:45]} Bxc2 {[%clk 1:26:34]} 13. Rac1
{[%clk 1:08:36]} Bg6 {[%clk 1:22:21]} 14. Rhd1 {[%clk 1:03:44]} Bh5
{[%clk 1:17:47]} 15. Bc3 {[%clk 0:58:27]} Bg5 {[%clk 1:16:27]} 16. Rxd8+
{[%clk 0:56:27]} Rxd8 {[%clk 1:16:55]} 17. Rd1 {[%clk 0:56:29]} Rxd1
{[%clk 1:08:35]} 18. Kxd1 {[%clk 0:56:51]} Bf4 {[%clk 1:08:39]} 19. Bd5
{[%clk 0:51:51]} Kf8 {[%clk 1:05:46]} 20. b4 {[%clk 0:47:36]} g5 {[%clk 1:03:45]}
21. Kc2 {[%clk 0:40:19]} Ke7 {[%clk 0:59:30]} 22. b5 {[%clk 0:30:10]} Nd8
{[%clk 0:59:11]} 23. g3 {[%clk 0:27:07]} Bxf3 {[%clk 0:59:30]} 24. Bxf3
{[%clk 0:27:30]} Bd6 {[%clk 0:58:39]} 25. Bd4 {[%clk 0:24:39]} b6
{[%clk 0:57:43]} 26. Be3 {[%clk 0:12:39]} Kf6 {[%clk 0:44:41]} 27. Kd3
{[%clk 0:06:34]} Ne6 {[%clk 0:44:39]} 28. Ke4 {[%clk 0:05:59]} Nc7
{[%clk 0:45:00]} 29. a4 {[%clk 0:06:05]} Kg6 {[%clk 0:40:00]} 30. Bg4
{[%clk 0:05:51]} f6 {[%clk 0:38:40]} 31. Bd7 {[%clk 0:05:13]} Bb4
{[%clk 0:38:49]} 32. f4 {[%clk 0:05:10]} h6 {[%clk 0:34:52]} 33. fxg5 hxg5
{[%clk 0:33:02]} 34. h4 {[%clk 0:05:04]} Bd6 35. h5+ Kxh5 {[%clk 0:29:42]} 36.
g4+ {[%clk 0:03:41]} Kg6 {[%clk 0:24:07]} 37. a5 {[%clk 0:03:54]} bxa5
{[%clk 0:23:17]} 38. Bxa7 {[%clk 0:04:10]} a4 {[%clk 0:23:04]} 39. b6
{[%clk 0:03:07]} Na6 {[%clk 0:23:09]} 40. Be8+ {[%clk 0:03:10]} Kg7
{[%clk 0:22:49]} 41. Bxa4 {[%clk 0:01:48]} Nc5+ {[%clk 0:23:19]} 42. Kd5
{[%clk 0:02:04]} Nxa4 {[%clk 0:23:48]} 43. Kxd6 {[%clk 0:01:32]} Nxb6
{[%clk 0:24:17]} 44. Bxb6 {[%clk 0:01:43]} f5 {[%clk 0:24:46]} 45. gxf5
{[%clk 0:01:59]} Kf6 {[%clk 0:25:16]} 46. Be3 {[%clk 0:02:26]} Kxf5
{[%clk 0:25:33]} 47. Bxg5 {[%clk 0:02:55]} 1/2-1/2

[Event "EYCC 2024 - O14"]
[Site "?"]
[Date "2024.08.30"]
[Round "8.12"]
[White "Breuil, Virgile"]
[Black "Senel, Hayri Beyhun"]
[Result "1/2-1/2"]
[BlackElo "2084"]
[WhiteElo "2251"]
[LiveChessVersion "1.4.8"]

1. e4 {[%clk 1:30:56]} c5 {[%clk 1:30:56]} 2. Nf3 {[%clk 1:31:12]} e6
{[%clk 1:31:18]} 3. c3 {[%clk 1:31:23]} d5 {[%clk 1:31:42]} 4. exd5
{[%clk 1:31:34]} Qxd5 {[%clk 1:32:10]} 5. d4 {[%clk 1:31:42]} Nf6
{[%clk 1:30:11]} 6. Bd3 {[%clk 1:30:46]} cxd4 {[%clk 1:24:48]} 7. cxd4
{[%clk 1:30:59]} Bb4+ {[%clk 1:21:14]} 8. Nc3 {[%clk 1:30:18]} Qd8
{[%clk 1:10:34]} 9. O-O {[%clk 1:27:25]} Nc6 {[%clk 1:08:48]} 10. Bg5
{[%clk 1:21:05]} Be7 {[%clk 1:05:12]} 11. a3 {[%clk 1:19:19]} Nd5
{[%clk 0:55:07]} 12. Bxe7 {[%clk 1:16:53]} Ncxe7 {[%clk 0:46:44]} 13. Bc2
{[%clk 1:15:01]} Bd7 {[%clk 0:35:40]} 14. Ne5 {[%clk 1:12:52]} Nxc3
{[%clk 0:32:44]} 15. bxc3 {[%clk 1:11:35]} Nc6 {[%clk 0:29:19]} 16. Re1
{[%clk 1:01:48]} Nxe5 {[%clk 0:28:03]} 17. Rxe5 {[%clk 1:01:56]} Rc8
{[%clk 0:22:09]} 18. Qf3 {[%clk 0:58:38]} Qc7 {[%clk 0:19:24]} 19. Rc5
{[%clk 0:56:44]} Qb8 {[%clk 0:18:57]} 20. Rg5 {[%clk 0:56:46]} g6
{[%clk 0:17:04]} 21. Qf6 {[%clk 0:54:43]} O-O {[%clk 0:15:38]} 22. Rg3
{[%clk 0:54:12]} Rc6 {[%clk 0:14:36]} 23. Rb1 {[%clk 0:46:33]} Rfc8
{[%clk 0:12:24]} 24. Ba4 {[%clk 0:39:17]} Rd6 {[%clk 0:10:20]} 25. Rf3
{[%clk 0:34:53]} Rf8 {[%clk 0:08:07]} 26. Bxd7 {[%clk 0:34:18]} Rxd7
{[%clk 0:08:35]} 27. Rb5 {[%clk 0:31:05]} Rd5 {[%clk 0:08:22]} 28. Rxd5
{[%clk 0:30:22]} exd5 {[%clk 0:08:50]} 29. h4 {[%clk 0:29:55]} Qd8
{[%clk 0:08:19]} 30. Qf4 {[%clk 0:30:00]} h5 {[%clk 0:08:03]} 31. Rg3
{[%clk 0:24:50]} Re8 {[%clk 0:07:43]} 32. Rg5 {[%clk 0:23:55]} Re4
{[%clk 0:07:42]} 33. Qg3 {[%clk 0:23:45]} Kh7 {[%clk 0:07:29]} 34. f3
{[%clk 0:23:32]} Re6 {[%clk 0:07:17]} 35. Qf4 {[%clk 0:21:37]} Kg7
{[%clk 0:07:04]} 36. Re5 {[%clk 0:19:57]} Rxe5 {[%clk 0:07:02]} 37. dxe5
{[%clk 0:19:48]} Qb6+ {[%clk 0:07:03]} 38. Kh2 {[%clk 0:19:29]} Qe6
{[%clk 0:06:27]} 39. Kh1 {[%clk 0:17:51]} b6 {[%clk 0:05:54]} 40. Kg1
{[%clk 0:17:39]} Kg8 {[%clk 0:05:53]} 41. Kf2 {[%clk 0:14:52]} Qe7
{[%clk 0:05:55]} 42. a4 {[%clk 0:13:13]} Qc5+ {[%clk 0:05:33]} 43. Qd4
{[%clk 0:12:13]} Qa3 {[%clk 0:04:38]} 44. Qxd5 {[%clk 0:11:24]} Qxc3
{[%clk 0:04:18]} 45. e6 {[%clk 0:10:52]} fxe6 {[%clk 0:04:19]} 46. Qxe6+
{[%clk 0:11:16]} Kg7 {[%clk 0:04:33]} 47. Qe7+ {[%clk 0:11:25]} Kg8
{[%clk 0:04:24]} 48. Kg3 {[%clk 0:10:43]} Qd2 {[%clk 0:03:12]} 49. Qf6
{[%clk 0:09:57]} Qe1+ {[%clk 0:02:59]} 50. Kh2 {[%clk 0:10:14]} Kh7
{[%clk 0:02:59]} 51. Qf7+ {[%clk 0:10:34]} Kh6 1/2-1/2

[Event "EYCC 2024 - O14"]
[Site "?"]
[Date "2024.08.30"]
[Round "8.13"]
[White "Katsanis, Vasileios Dim"]
[Black "Battistelli, Fausto"]
[Result "1-0"]
[BlackElo "2011"]
[WhiteElo "2222"]
[LiveChessVersion "1.4.8"]

1. d4 {[%clk 1:30:57]} Nf6 {[%clk 1:30:37]} 2. c4 {[%clk 1:31:24]} g6
{[%clk 1:31:00]} 3. Nc3 {[%clk 1:31:50]} Bg7 {[%clk 1:31:21]} 4. e4
{[%clk 1:32:16]} d6 {[%clk 1:31:44]} 5. f4 {[%clk 1:32:42]} O-O {[%clk 1:32:06]}
6. Nf3 {[%clk 1:33:10]} Na6 {[%clk 1:32:27]} 7. Bd3 {[%clk 1:33:34]} e5
{[%clk 1:32:28]} 8. fxe5 {[%clk 1:34:01]} dxe5 {[%clk 1:32:51]} 9. d5
{[%clk 1:34:28]} Nc5 {[%clk 1:32:28]} 10. O-O {[%clk 1:34:41]} Ne8
{[%clk 1:20:19]} 11. Be3 {[%clk 1:27:37]} Nxd3 {[%clk 1:16:20]} 12. Qxd3
{[%clk 1:28:05]} f5 {[%clk 1:16:13]} 13. c5 {[%clk 1:12:13]} f4 {[%clk 0:46:51]}
14. Bf2 {[%clk 1:12:05]} g5 {[%clk 0:46:01]} 15. Rad1 {[%clk 1:03:38]} g4
{[%clk 0:31:54]} 16. Bh4 {[%clk 0:58:54]} Bf6 {[%clk 0:31:22]} 17. Bxf6
{[%clk 0:58:55]} Qxf6 {[%clk 0:31:43]} 18. Nd2 {[%clk 0:58:58]} Bd7
{[%clk 0:27:08]} 19. b4 {[%clk 0:44:08]} Rf7 {[%clk 0:19:33]} 20. Nc4
{[%clk 0:39:24]} b5 {[%clk 0:12:59]} 21. Na5 {[%clk 0:36:34]} a6 {[%clk 0:13:19]}
22. a4 {[%clk 0:27:53]} Rb8 {[%clk 0:11:07]} 23. axb5 {[%clk 0:26:21]} axb5
{[%clk 0:11:30]} 24. Nb3 {[%clk 0:24:54]} Rg7 {[%clk 0:09:30]} 25. g3
{[%clk 0:24:18]} h5 {[%clk 0:08:26]} 26. c6 {[%clk 0:16:19]} Bc8 {[%clk 0:08:47]}
27. d6 {[%clk 0:16:24]} Qxd6 {[%clk 0:05:57]} 28. Qxd6 {[%clk 0:16:13]} Nxd6
{[%clk 0:06:21]} 29. gxf4 {[%clk 0:16:37]} Be6 {[%clk 0:05:10]} 30. Nc5
{[%clk 0:12:56]} Bc4 {[%clk 0:04:43]} 31. Rf2 {[%clk 0:13:25]} g3
{[%clk 0:03:47]} 32. Rf3 {[%clk 0:13:46]} exf4 {[%clk 0:02:50]} 33. Rxf4
{[%clk 0:14:13]} Rf8 {[%clk 0:01:58]} 34. Rxf8+ {[%clk 0:14:15]} Kxf8
{[%clk 0:02:27]} 35. e5 {[%clk 0:09:33]} Nf5 {[%clk 0:01:49]} 36. N3e4
{[%clk 0:08:42]} Ne3 {[%clk 0:01:21]} 37. Rd8+ {[%clk 0:08:52]} Ke7
{[%clk 0:00:55]} 38. Rd7+ {[%clk 0:09:11]} Kf8 {[%clk 0:01:20]} 39. hxg3
{[%clk 0:08:44]} Bd5 {[%clk 0:00:39]} 40. Nf6 {[%clk 0:06:21]} Ba2
{[%clk 0:00:31]} 41. Nxh5 {[%clk 0:02:02]} Rg5 {[%clk 0:00:35]} 42. Nf4
{[%clk 0:02:23]} Rxg3+ {[%clk 0:00:39]} 43. Kf2 {[%clk 0:02:49]} Nf5
{[%clk 0:01:02]} 44. e6 {[%clk 0:02:03]} Bc4 {[%clk 0:00:32]} 45. Rf7+
{[%clk 0:02:21]} 1-0

[Event "EYCC 2024 - O14"]
[Site "?"]
[Date "2024.08.30"]
[Round "8.14"]
[White "Auribault, Louis"]
[Black "Oktem, Ege Tuna"]
[Result "1/2-1/2"]
[BlackElo "2144"]
[WhiteElo "2081"]
[LiveChessVersion "1.4.8"]

1. e4 {[%clk 1:30:53]} e6 {[%clk 1:30:58]} 2. d4 {[%clk 1:31:15]} d5
{[%clk 1:31:25]} 3. Nc3 {[%clk 1:31:39]} Nf6 {[%clk 1:31:51]} 4. e5
{[%clk 1:32:06]} Nfd7 {[%clk 1:32:16]} 5. f4 {[%clk 1:32:32]} c5 {[%clk 1:30:21]}
6. Nf3 {[%clk 1:32:57]} Nc6 {[%clk 1:30:48]} 7. Be3 {[%clk 1:33:24]} Be7
{[%clk 1:31:12]} 8. dxc5 {[%clk 1:22:19]} Bxc5 {[%clk 1:30:50]} 9. Bxc5
{[%clk 1:19:17]} Nxc5 {[%clk 1:30:36]} 10. a3 {[%clk 1:19:04]} Qb6
{[%clk 1:28:22]} 11. Be2 {[%clk 1:17:03]} O-O {[%clk 1:26:36]} 12. Nb5
{[%clk 1:08:00]} Ne4 {[%clk 1:23:58]} 13. Nbd4 {[%clk 1:05:55]} Qxb2
{[%clk 1:23:02]} 14. O-O {[%clk 1:06:23]} Qc3 {[%clk 1:22:42]} 15. Qd3
{[%clk 1:06:46]} Nxd4 {[%clk 1:21:51]} 16. Nxd4 {[%clk 1:05:27]} Bd7
{[%clk 1:21:54]} 17. Qxc3 {[%clk 1:02:52]} Nxc3 {[%clk 1:22:22]} 18. Bd3
{[%clk 1:03:21]} Rfe8 {[%clk 1:18:59]} 19. Rf3 {[%clk 1:03:10]} Rac8
{[%clk 1:19:25]} 20. Raf1 {[%clk 1:02:50]} g6 {[%clk 1:19:45]} 21. g4
{[%clk 1:03:12]} a6 {[%clk 1:15:09]} 22. h4 {[%clk 1:00:17]} Nb5 {[%clk 1:07:44]}
23. Bxb5 {[%clk 0:56:05]} Bxb5 {[%clk 1:07:46]} 24. Rb1 {[%clk 0:55:07]} Ba4
{[%clk 1:01:41]} 25. c3 {[%clk 0:51:38]} Rc7 {[%clk 1:01:56]} 26. h5
{[%clk 0:50:44]} b5 {[%clk 0:56:21]} 27. hxg6 {[%clk 0:49:15]} hxg6
{[%clk 0:56:17]} 28. Re1 {[%clk 0:47:37]} Kf8 {[%clk 0:38:25]} 29. f5
{[%clk 0:44:42]} gxf5 {[%clk 0:38:49]} 30. gxf5 {[%clk 0:45:06]} exf5
{[%clk 0:39:07]} 31. e6 {[%clk 0:42:48]} Ree7 {[%clk 0:32:35]} 32. Kf2
{[%clk 0:40:52]} a5 {[%clk 0:13:26]} 33. Rxf5 {[%clk 0:26:50]} Rxc3
{[%clk 0:13:21]} 34. Rxd5 {[%clk 0:21:28]} Ke8 {[%clk 0:09:35]} 35. exf7+
{[%clk 0:06:44]} Kxf7 {[%clk 0:10:03]} 36. Rxe7+ {[%clk 0:06:14]} Kxe7
{[%clk 0:10:32]} 37. Nxb5 {[%clk 0:06:36]} Bxb5 {[%clk 0:07:40]} 38. Rxb5
{[%clk 0:07:04]} Rxa3 {[%clk 0:08:01]} 39. Ke2 {[%clk 0:07:31]} Kd6
{[%clk 0:08:27]} 40. Kd2 {[%clk 0:07:45]} Kc6 {[%clk 0:08:55]} 41. Rh5
{[%clk 0:07:39]} a4 {[%clk 0:09:17]} 42. Kc2 {[%clk 0:08:03]} Rb3
{[%clk 0:09:41]} 43. Ra5 {[%clk 0:08:27]} Rb4 {[%clk 0:10:07]} 44. Kc3
{[%clk 0:08:49]} Rh4 {[%clk 0:10:32]} 45. Rg5 {[%clk 0:09:02]} Kb6 1/2-1/2

[Event "EYCC 2024 - O14"]
[Site "?"]
[Date "2024.08.30"]
[Round "8.15"]
[White "Ral Lustig, Melvin"]
[Black "Karvatskyi, Oleksii"]
[Result "0-1"]
[BlackElo "2144"]
[WhiteElo "2019"]
[LiveChessVersion "1.4.8"]

1. e4 {[%clk 1:30:57]} c5 {[%clk 1:30:58]} 2. Nf3 {[%clk 1:31:21]} e6
{[%clk 1:31:23]} 3. d4 {[%clk 1:31:47]} cxd4 {[%clk 1:31:50]} 4. Nxd4
{[%clk 1:32:12]} a6 {[%clk 1:32:16]} 5. Bd3 {[%clk 1:32:32]} Bc5 {[%clk 1:32:21]}
6. Nb3 {[%clk 1:32:56]} Ba7 {[%clk 1:32:35]} 7. Qe2 {[%clk 1:33:19]} d6
{[%clk 1:32:35]} 8. Be3 {[%clk 1:33:31]} Nc6 {[%clk 1:33:00]} 9. Nc3
{[%clk 1:33:10]} b5 {[%clk 1:33:20]} 10. O-O-O {[%clk 1:32:52]} Nge7
{[%clk 1:33:45]} 11. f4 {[%clk 1:29:17]} Bd7 {[%clk 1:30:33]} 12. Bxa7
{[%clk 1:18:18]} Rxa7 {[%clk 1:30:18]} 13. Bxb5 {[%clk 1:12:18]} axb5
{[%clk 1:23:45]} 14. Nxb5 {[%clk 1:11:47]} Rxa2 {[%clk 1:22:20]} 15. Nxd6+
{[%clk 1:11:49]} Kf8 {[%clk 1:22:46]} 16. Qh5 {[%clk 0:43:31]} Ng6
{[%clk 1:15:50]} 17. f5 {[%clk 0:42:22]} Qf6 {[%clk 1:13:22]} 18. c3
{[%clk 0:36:12]} Nge5 {[%clk 1:12:14]} 19. Kb1 {[%clk 0:33:04]} Ra7
{[%clk 1:10:23]} 20. Nc5 {[%clk 0:25:40]} exf5 {[%clk 0:44:35]} 21. Nb5
{[%clk 0:21:13]} Ra5 {[%clk 0:28:39]} 22. Nxd7+ {[%clk 0:20:24]} Nxd7
{[%clk 0:29:03]} 23. Rxd7 {[%clk 0:20:34]} Rxb5 {[%clk 0:28:06]} 24. Rhd1
{[%clk 0:19:47]} Qe6 {[%clk 0:23:15]} 25. Qg5 {[%clk 0:11:13]} Qxe4+
{[%clk 0:22:38]} 26. Kc1 {[%clk 0:11:15]} Re5 {[%clk 0:21:56]} 27. Rc7
{[%clk 0:08:31]} Re8 {[%clk 0:15:05]} 28. Qd2 {[%clk 0:04:16]} Qe6
{[%clk 0:11:28]} 29. b4 {[%clk 0:01:34]} g6 {[%clk 0:08:11]} 30. b5
{[%clk 0:01:08]} Ne5 {[%clk 0:08:17]} 31. Qd6+ {[%clk 0:00:56]} Kg7
{[%clk 0:08:14]} 32. Qxe6 {[%clk 0:00:41]} Rxe6 {[%clk 0:08:39]} 33. c4
{[%clk 0:00:55]} Rb8 {[%clk 0:08:42]} 34. Rd5 {[%clk 0:00:41]} g5
{[%clk 0:08:40]} 35. Kc2 {[%clk 0:00:56]} f4 {[%clk 0:08:47]} 36. Kc3
{[%clk 0:01:18]} g4 {[%clk 0:08:50]} 37. Rd4 {[%clk 0:01:03]} f3 {[%clk 0:09:01]}
38. gxf3 {[%clk 0:01:13]} gxf3 {[%clk 0:09:28]} 39. Rf4 {[%clk 0:00:40]} Rf6
{[%clk 0:09:48]} 40. Rxf6 {[%clk 0:01:07]} Kxf6 {[%clk 0:10:16]} 41. Kd2
{[%clk 0:01:15]} f2 {[%clk 0:10:34]} 42. Ke2 {[%clk 0:01:32]} Ng4
{[%clk 0:10:59]} 43. Rc6+ {[%clk 0:01:32]} Kf5 {[%clk 0:11:13]} 44. Rc5+
{[%clk 0:01:21]} Kf4 {[%clk 0:11:35]} 0-1

[Event "EYCC 2024 - O14"]
[Site "?"]
[Date "2024.08.30"]
[Round "8.16"]
[White "Stefanovic, Bosko"]
[Black "Isbatov, Kanan"]
[Result "0-1"]
[BlackElo "1780"]
[WhiteElo "2112"]
[LiveChessVersion "1.4.8"]

1. Nf3 {[%clk 1:30:57]} d5 {[%clk 1:30:39]} 2. c4 {[%clk 1:31:08]} d4
{[%clk 1:30:56]} 3. e3 {[%clk 1:31:17]} c5 {[%clk 1:31:18]} 4. d3
{[%clk 1:31:35]} Nc6 {[%clk 1:31:33]} 5. exd4 {[%clk 1:31:54]} cxd4
{[%clk 1:31:49]} 6. g3 {[%clk 1:32:13]} e5 {[%clk 1:28:31]} 7. Bg2
{[%clk 1:32:21]} Bb4+ {[%clk 1:26:02]} 8. Nbd2 {[%clk 1:26:59]} Nf6
{[%clk 1:25:06]} 9. O-O {[%clk 1:26:54]} O-O {[%clk 1:25:28]} 10. a3
{[%clk 1:27:03]} Bd6 {[%clk 1:18:23]} 11. b4 {[%clk 1:26:35]} Bf5
{[%clk 1:18:41]} 12. c5 {[%clk 1:19:37]} Bc7 {[%clk 1:17:26]} 13. Nc4
{[%clk 1:16:49]} e4 {[%clk 1:10:12]} 14. dxe4 {[%clk 1:00:20]} Bxe4
{[%clk 1:00:58]} 15. Bb2 {[%clk 0:58:15]} a6 {[%clk 0:31:13]} 16. Rc1
{[%clk 0:53:37]} Qd5 {[%clk 0:12:49]} 17. Ncd2 {[%clk 0:50:33]} Rad8
{[%clk 0:10:59]} 18. Nxe4 {[%clk 0:43:17]} Qxe4 {[%clk 0:11:01]} 19. Ne1
{[%clk 0:35:04]} Qg6 {[%clk 0:10:37]} 20. Nd3 {[%clk 0:34:02]} Nd5
{[%clk 0:10:46]} 21. Re1 {[%clk 0:27:10]} Nc3 {[%clk 0:07:23]} 22. Qd2
{[%clk 0:25:46]} Rfe8 {[%clk 0:07:01]} 23. Rxe8+ {[%clk 0:18:49]} Rxe8
{[%clk 0:07:30]} 24. Re1 {[%clk 0:19:09]} Rxe1+ {[%clk 0:05:47]} 25. Nxe1
{[%clk 0:12:36]} Qf6 {[%clk 0:05:46]} 26. Bxc6 {[%clk 0:08:54]} bxc6
{[%clk 0:03:56]} 27. Nc2 {[%clk 0:07:07]} Be5 {[%clk 0:02:28]} 28. f4
{[%clk 0:04:39]} Bxf4 {[%clk 0:00:32]} 29. gxf4 {[%clk 0:04:56]} Qg6+
{[%clk 0:01:01]} 30. Kf1 {[%clk 0:04:35]} Nd5 {[%clk 0:00:43]} 31. Bxd4
{[%clk 0:01:30]} Qf5 {[%clk 0:00:32]} 32. Bf2 {[%clk 0:00:41]} h6
{[%clk 0:00:32]} 33. Ke1 {[%clk 0:00:32]} Nxf4 {[%clk 0:00:34]} 0-1